[Event "USA-ch"]
[Site "Seattle"]
[Date "2000.09.26"]
[Round "2"]
[White "Benjamin, Joel"]
[Black "Gulko, Boris F"]
[Result "0-1"]
[WhiteElo "2577"]
[BlackElo "2643"]
[Annotator "Gofshtein,L"]
[PlyCount "64"]
[EventDate "2000.09.25"]
[EventType "tourn"]
[EventRounds "11"]
[EventCountry "USA"]
[EventCategory "14"]
[SourceTitle "CBM 080"]
[Source "ChessBase"]
[SourceDate "2001.01.25"]
[SourceVersion "1"]
[SourceVersionDate "2001.01.25"]
[SourceQuality "1"]

{[%mdl 8484]} 1. e4 c5 2. Nf3 d6 3. d4 cxd4 4. Nxd4 Nf6 5. Nc3 Nc6 6. Bg5 e6 7.
Qd2 Be7 8. O-O-O O-O 9. f3 (9. f4) 9... Nxd4 10. Qxd4 a6 (10... Qa5 11. Bd2 Qc7
12. Nb5 Qd8 (12... Qb8 13. Bb4 e5 14. Qc3 Ne8 15. Qa3 a6 16. Nc3 (16. Nxd6 a5
17. Bc5 b6 18. Nxc8 Bxc5 19. Ne7+ Kh8 20. Nc6 $13) 16... Be6 (16... a5 17. Nd5
$1) 17. Nd5 $14 {Vera}) 13. Bb4 d5 14. Bxe7 Qxe7 15. exd5 $1 Nxd5 16. Nxa7 Bd7
17. Kb1 $16) (10... Bd7 $5 11. Bc4 Bc6 12. h4 Qa5 13. Bb3 Rfd8 14. Kb1 b5 15.
e5 dxe5 16. Qxe5 Qb6 $11 {Relange-Sosonko,Cannes 1996}) (10... e5 $6 11. Qd2 {
[%csl Yd5]} Be6 12. Kb1 Rc8 13. h4 Rc5 14. a3 Qb8 15. Be3 $16 {Chandler-Lobron
Biel 1987}) 11. h4 (11. e5 dxe5 12. Qxe5 Qe8 13. Be2 Bd7 14. Qg3 $13 {
Kuzmin-Oll Lviv 1990}) (11. Kb1 Qa5 12. Qd2 Rd8 $2 13. Nd5 Qxd2 14. Nxe7+ Kf8
15. Bxd2 Kxe7 16. Ba5 Rd7 17. c4 $16 {Liss-Van Delft Leeuwarden 1995}) 11...
Qc7 (11... Qa5 $5 12. Kb1 b5 13. Bd3 Bb7 14. g4 Rac8 15. Ne2 Qc7 16. Qf2 b4 $13
{Santo Roman-Gurevich France 1986}) (11... b5 12. e5 (12. a3 Bb7 13. h5 h6 14.
Bh4 Rc8 15. g4 Rc5 $132 {0-1 Lhagvasuren,C-Nicevski,R/Dreszer mem 1988/ (43)})
(12. g4 $5 Bb7 13. Qf2 (13. Be3 e5 14. Qd2 b4 15. Nd5 Nxd5 16. exd5 a5 17. g5
Qc7 {Pribyl,M-Reeh,O/BL9394 1994/1/2-1/2 (55)}) 13... b4 14. Na4 Bc6 15. Nb6
Rb8 16. Nc4 d5 17. Bf4 Rb7 18. Ne5 Bb5 19. g5 Nh5 20. Bh2 Qa5 21. Kb1 f6 22.
gxf6 Nxf6 23. Bh3 $16 {1-0 Zapata,A-Hernandez,G/Cali zt 1990/ (29)}) (12. Kb1
Bb7 13. Bd3 Qc7 14. Qe3 Rfe8 15. Rde1 b4 16. Ne2 a5 $132 {0-1 Wiesmann,
H-Matthias,H/NRW-I 1994/ (22)}) (12. Qd2 Qa5 13. Kb1 b4 14. Ne2 e5 15. Nc1 Be6
16. g4 Rad8 $5 $132 {1/2-1/2 Luther,T-Peek,M/Groningen 1998/EXT 2000 (34)} (
16... Rfd8 17. Bxf6 Bxf6 18. g5 Be7 19. Bh3 d5 20. Bxe6 fxe6 21. exd5 Rxd5 22.
Qe2 Rad8 $132 {1-0 De la Riva Aguado,O-Siegel,G/FRA 1998/CBM 64 ext (72)}))
12... dxe5 13. Qxe5 Qa5 14. Bd3 Bb7 $132 {1/2-1/2 Urbanec,K-Prucha,K/CSR-ch
1954/ (22)}) 12. Kb1 b5 13. Qd2 (13. h5 h6 14. Be3 (14. Bh4 $6 {Not so bad in
itself, but bishop would control also other important squares from e3. White
keeps the pressure on f6 and hopes for g4-g5 attack.} Bb7 15. Ne2 (15. g4 e5 (
15... Rad8 16. g5 hxg5 17. Bxg5 Nxe4 18. Nxe4 Bxe4 19. Qxe4 Bxg5 20. Bd3 Rfe8
21. Qh7+ Kf8 22. Qh8+ Ke7 23. Qxg7 $14) 16. Qd3 Rac8 17. g5 hxg5 18. Bxg5 Nxe4
19. Nxe4 (19. fxe4 Bxg5 20. Qxd6 Qxd6 21. Rxd6 Rfd8 $17) 19... Bxe4 20. fxe4
Bxg5 21. Bh3 Rcd8 $15) (15. Bd3 $5) 15... Rac8 16. Qd2 (16. Rc1 d5 $17) 16...
Rfd8 $132 {0-1 Ivanchuk,V-Anand,V/Linares 1998/CBM 64/[Ftacnik] (27)}) (14.
Bxf6 $6 gxf6 15. Qd2 Kg7 16. Rh3 $13 Rh8 $13) 14... Bb7 15. g4 Nh7 $11) (13.
Bxf6 gxf6 (13... Bxf6 14. Qxd6 Qa5 15. e5 $16 Bd8) 14. g4 Qc5 15. Qd2 $13) (13.
g4 $5) 13... b4 $1 $146 {This novelty very important,because probably changes
this variation evaluation.} (13... Bb7 $6 14. Bd3 b4 15. Ne2 a5 16. g4 Rac8 17.
Nd4 Kh8 18. h5 $40 {1-0 Bologan,V-Shapiro,D/Stratton Mountain 1999/EXT 2000 
(32)}) 14. Ne2 Rb8 15. g4 {and after typical} (15. h5 Rd8 $5 {[%cal Rd8d6,
Rd6d5]} (15... h6 16. Bxf6 Bxf6 17. Qxd6 Qxd6 18. Rxd6 Bb7 $44) 16. h6 g6 $13 {
position looks unclear}) 15... a5 16. Nd4 (16. Ng3 a4 17. Nh5 b3 $5 $132) 16...
a4 17. Bd3 ({and after active jump 17.Nb5 gives good chances for black} 17. Nb5
Qa5 $1 (17... Qc6 18. Qxb4 $16) 18. Nxd6 (18. Bxf6 Bxf6 $132) 18... Rd8 $17) (
17. h5 e5 $5 18. Nb5 (18. Nf5 Bxf5 19. gxf5 b3 $132) 18... Qa5 19. h6 g6 20.
Nxd6 Rd8 21. Nxc8 Rbxc8 $132) 17... e5 $5 (17... a3) 18. Nf5 $6 (18. Bxf6 $1
Bxf6 19. g5 Be7 20. Nf5 $13) 18... Bxf5 19. gxf5 $6 {Dubious move, it was
nessasary 19.ef with unclear position,now black has serious initiative} (19.
exf5 $5 Nd5 20. f6 Nxf6 21. Bxf6 Bxf6 22. Be4 $13) (19. Bxf6 Be6 $1 $132 (19...
Bxf6 20. g5 $1)) 19... a3 $5 (19... b3 $6 20. cxb3 axb3 21. a3 Rfc8 22. Rc1 $16
) 20. b3 (20. Rhg1 Rfd8 (20... Kh8 21. b3 d5) 21. Bh6 g6 (21... Ne8 $2 22. Bxg7
Nxg7 23. Qh6 $18)) 20... d5 $5 21. Rhg1 {[%cal Yg1g7]} Kh8 22. h5 (22. Bxf6
Bxf6 23. exd5 e4 24. fxe4 Qe5 $36) 22... Rfd8 (22... Nxh5 23. exd5 Bxg5 24.
Rxg5 Nf4 25. f6 g6 $132 26. Rh1 Qd6 27. Qh2 h5 28. Rxh5+ gxh5 29. Qh4 Rb6 30.
Qxh5+ Nxh5 31. Rxh5+ Kg8 32. Rg5+ Kh8 $11) 23. h6 g6 24. Qe1 (24. fxg6 hxg6 25.
Qe1 Nh5 $17) 24... Rb6 $2 {After this mistake white still in the life} (24...
gxf5 $1 25. exf5 e4 26. fxe4 Qe5 27. Bc1 dxe4 28. Bc4 Rxd1 29. Qxd1 e3 $19) 25.
Rg2 gxf5 26. exf5 e4 27. fxe4 Qe5 28. Bc1 dxe4 29. Bc4 Rxd1 $6 {Again mistake,
position became unclear} (29... Nd5 $1 {[%cal Ge7f6,Ge5a1]} 30. Rxd5 Rxd5 31.
Bxd5 Bf6 32. c3 Qxd5 $132) 30. Qxd1 e3 (30... Rd6 31. Qg1 Rd8 32. Bxf7 $16) 31.
Qg1 $5 Rb8 32. Bxe3 $4 {Probably time- trouble} (32. Bxf7 Bc5 33. Rg3 Qc7 (
33... e2 $2 34. Re3) 34. Bc4 e2 35. Qe1 Ne4 $13) (32. Qxe3 Ne4 33. Qf4 Nc3+ 34.
Ka1 Bf6 35. Qxe5 Bxe5 36. Bxf7 Ne2+ $11) 32... Qb2# 0-1

[Event "Bundesliga 0405"]
[Site "Germany"]
[Date "2005.01.30"]
[Round "9.8"]
[White "Gross, David2"]
[Black "Enders, Peter"]
[Result "1-0"]
[WhiteElo "2465"]
[BlackElo "2456"]
[Annotator "Gofshtein,L"]
[PlyCount "65"]
[EventDate "2004.11.12"]
[EventType "team-tourn"]
[EventRounds "15"]
[EventCountry "GER"]
[SourceTitle "CBM 106"]
[Source "ChessBase"]
[SourceDate "2005.06.06"]
[SourceVersion "1"]
[SourceVersionDate "2005.06.06"]
[SourceQuality "1"]
[WhiteTeam "Tegernsee"]
[BlackTeam "Erfurt"]
[WhiteTeamCountry "GER"]
[BlackTeamCountry "GER"]

1. e4 c5 2. Nf3 Nc6 3. d4 cxd4 4. Nxd4 Nf6 5. Nc3 d6 6. Bg5 e6 7. Qd2 Be7 8.
O-O-O Nxd4 9. Qxd4 O-O 10. f3 {10. f4 is a possible alternative} Bd7 11. Qd2 {
White retreats with the queen, freeing the d4 square for his knight and
planning the development of his light squared bishop to d3. 11. h4 was also
met in this position starting an immideate offense on the kingside} (11. h4 Bc6
12. Kb1 Qa5 (12... Qc7 13. g4 Rfd8 14. Bh3 (14. h5 h6 15. Bc1 d5 16. e5 Nd7 17.
f4 Bc5 $132 {1-0 Reinaldo Castineira,R-Balogh,C/ICC INT 2003/CBM 093 ext (58)})
14... b5 15. h5 h6 16. Bc1 d5 17. e5 Nd7 18. f4 b4 19. Ne2 Ba4 $36 {0-1 Greiff,
H-Balogh,C/Dos Hermanas 2003/EXT 2004 (38)}) 13. Qd2 {[%cal Rc3d5]} Qc7 (13...
b5 $4 14. Nd5 $18) 14. Bd3 Rfd8 15. h5 d5 16. e5 {[%tqu "En","","","","f6e4",
"",10,"c7e5","",0]} Ne4 $1 (16... Qxe5 $4 17. Bf4 Qd4 18. Bxh7+ $18) 17. fxe4
dxe4 18. h6 g6 19. Qf4 $2 (19. Bxe7 Qxe7 20. Nxe4 Bxe4 21. Qe3 Bxd3 22. Rxd3
Rxd3 23. Qxd3 Rd8 $15) 19... exd3 20. cxd3 f5 $1 $17 {[%csl Rc3,Rd3,Re5,Rg2]
<->e} 21. Rhg1 Bxg5 22. Qxg5 Rd4 23. g4 Rf8 24. Qe3 Rxg4 25. Rxg4 fxg4 26. Rg1
Rf5 27. d4 Qf7 28. a4 (28. Rxg4 $2 Rf1+ 29. Kc2 Qf5+ $19) 28... Rf3 29. Qe2 g3
30. d5 exd5 31. e6 Qf5+ 32. Ka2 d4 33. Rd1 d3 (33... Rxc3 $2 34. bxc3 Bf3 35.
Rxd4 Bxe2 36. Rd8+ Qf8 37. e7) 34. Qe1 g2 35. e7 Be8 (35... Qf7+ $142 36. Kb1
Rf1 37. Qe3 Bxa4 $19) 36. Qg1 Qf7+ 37. Ka1 Qxe7 $6 $138 (37... Rf2 $142 {
keeping g-pawn}) 38. Qxg2 Bc6 39. Qg4 Qd7 40. Qc4+ Qf7 41. Qd4 a6 42. Rxd3 Rf1+
43. Rd1 Rxd1+ 44. Qxd1 Qf6 45. Nd5 Qh4 46. b3 Kf7 $6 (46... Qg5 $1 47. Nc3 Qxh6
{was winning immediatly}) 47. Qf1+ Ke6 48. Nf4+ Ke5 $1 49. Nd3+ Kd4 $1 50. Nb4
Kc3 $1 51. Nxc6 bxc6 52. Qf3+ Kb4 53. Kb2 Qd4+ 54. Kc2 Qc5+ 55. Kb2 Qe5+ 56.
Ka2 Qh2+ 57. Kb1 Qd2 58. a5 (58. Qxc6 Kxb3 59. Qe6+ Ka3 $19) 58... c5 59. Qe4+
Kxb3 60. Qf3+ Qc3 61. Qf7+ c4 62. Qb7+ Ka3 63. Qg7 Qb3+ 64. Kc1 c3 65. Qe7+ Ka2
66. Qxh7 Qb1# {0-1 Van der Weide,K-Sosonko,G/Rotterdam 1998/CBM 066/[Gofshtein,
L] (66)}) (11. g4 Bc6 12. Be2 d5 13. e5 Nd7 14. Bxe7 Qxe7 15. h4 f6 16. exf6
Qxf6 17. g5 Qf4+ $15 {Meng Yan-Nickoloff,B/Toronto op 1995/0-1(34)}) (11. Bc4
Bc6 12. h4 Qa5 13. Bb3 Rfd8 14. Kb1 b5 (14... Qc7 15. g4 b5 16. h5 b4 17. Bxf6
Bxf6 18. Qxb4 a5 19. Qc4 Qb7 $44 {Liu Wenzhe-Williams,A/Malta olm 1980/0-1 (80)
}) 15. e5 dxe5 16. Qxe5 Qb6 17. Bf4 b4 18. Be3 Qb7 19. Na4 Bxa4 {1/2-1/2
Relange,E-Sosonko,G/Cannes mT 1996}) 11... Bc6 {Bringing the bishop closer and
preparing a typical breakthrough d6-d5} 12. Bd3 $146 {White doesn't waste time
on prophylactics and develops his bishop immideatly. In case of 12.Kb1 black
as the tournament practice shows starts his own game by d6-d5 and gets a fine
counterplay} (12. Kb1 d5 (12... Qc7 13. h4 Rfd8 14. Bd3 Rac8 15. h5 d5 16. exd5
(16. e5) 16... Nxd5 17. Nxd5 Bxd5 18. Bxe7 Qxe7 19. h6 g6 20. Qe3 Qf6 $132 {
0-1 Luther,T-Balogh,C/Dos Hermanas 2003/EXT 2004 (53)}) 13. Bxf6 Bxf6 14. exd5
Bxc3 15. Qxc3 Bxd5 16. Bd3 Rc8 $132 {0-1 Bindrich,F-Meins,G/Hoeckendorf 2004/
CBM 100 (31)}) (12. Bf4 d5 13. exd5 Nxd5 14. Nxd5 Bxd5 15. Kb1 Rc8 16. Bd3 Bf6
17. Rhe1 Qb6 $132 {0-1 Berescu,A-Leko,P/Baile Herculane 1991/EXT 2005 (41)}) (
12. h4 Qc7 13. Ne2 Rfd8 14. g4 Rac8 15. Nd4 e5 16. Bxf6 Bxf6 17. g5 Be7 18.
Nxc6 bxc6 19. f4 d5 20. f5 dxe4 21. Qe1 Rxd1+ 22. Qxd1 Qb6 $36 {1/2-1/2 Antal,
G-Balogh,C/Budapest 2002/CBM 089 ext (36)}) 12... d5 13. e5 Nd7 14. Bxe7 Qxe7
15. f4 {A position, which is typical for a french defense has arosen, white
keeps a slight advantage} f6 {Black carries out a typical plan for this
position, undermining white's pawn chain} 16. exf6 Qxf6 17. Rhf1 e5 {This is
how black activizes his pieces and gets compensation for his weak d5 pawn} 18.
fxe5 Qxe5 19. Rfe1 Qf6 20. Be2 {[%cal Re2f3] Transfering his light squared
bishop to a position from where he can attack the pawn on d5} Nb6 21. Bf3 Rad8
{Bringing the rook to the centre and preparing the advance d5-d4} 22. Qd4 {
White blocks the d5 pawn not fearing to sacrifice} Qh6+ 23. Kb1 Qxh2 24. a4 {
[%cal Ra4a5] With the idea after a4-a5 to throw back the bishop and retain the
material equality by taking the pawn on d5} Rf4 25. Qe5 Qh6 (25... Re8 26. Qd6
Rxe1 27. Rxe1 Qh4 28. Qe6+ Rf7 29. a5 Nc4 30. Bxd5 Bxd5 31. Nxd5 $36) 26. a5
Nc4 27. Qe7 $44 Rdf8 {27...Rff8 deserved attention and as the next lines show,
white has only a minimal advantage} (27... Rff8 $5 28. Bxd5+ (28. Rh1 Qf6 29.
Qxf6 Rxf6 30. Nxd5 Rfd6 31. Ne7+ Kf7 32. Rxd6 Rxd6 33. Nxc6 bxc6 34. Rxh7 Nxa5
$14) 28... Bxd5 29. Rxd5 Rxd5 30. Nxd5 Nxa5) 28. Bxd5+ Bxd5 29. Nxd5 R4f7 30.
Qb4 Qa6 {Despite the active position of the white knight, black successfully
defends} 31. Ne7+ Kh8 32. Rh1 Nxb2 $4 {[%mdl 8192] Black misses a simple shot.
It was probably a result of tiredness} (32... h6 $13) 33. Rxh7+ 1-0

[Event "FIDE World Cup-D"]
[Site "Shenyang"]
[Date "2000.09.01"]
[Round "1"]
[White "Anand, Viswanathan"]
[Black "Tissir, Mohamed"]
[Result "1-0"]
[WhiteElo "2762"]
[BlackElo "2342"]
[Annotator "Gofshtein,L"]
[PlyCount "49"]
[EventDate "2000.09.01"]
[EventType "tourn"]
[EventRounds "5"]
[EventCountry "CHN"]
[EventCategory "15"]
[SourceTitle "CBM 079"]
[Source "ChessBase"]
[SourceDate "2000.11.21"]
[SourceVersion "1"]
[SourceVersionDate "2000.11.21"]
[SourceQuality "1"]

1. e4 c5 2. Nf3 d6 3. d4 cxd4 4. Nxd4 Nf6 5. Nc3 Nc6 6. Bg5 e6 7. Qd2 Be7 8.
O-O-O O-O 9. Nb3 Qb6 10. f3 Rd8 11. Nb5 $1 {[%cal Gg5e3] V.Anand was the first
who began to play this rare move.} ({Mainlines in this variation are} 11. h4) (
11. Kb1) (11. Be3 {- maybe with various moves order}) 11... Rd7 {Preparing
d8-square for Q after virtual Be3} (11... a6 $4 12. Be3 $18) 12. Qe1 Qd8 $6 $16
(12... a6 $142 13. N5d4 {The idea of this move is to retain Bg5 to more active
position than e3-square.} ({In my opinion, it is not so easy for Black to
equalize also after} 13. Be3 $5 Qd8 14. N5d4 Nxd4 (14... Bf8 15. g4 e5 16. Nf5
d5 17. g5 dxe4 18. Rxd7 Bxd7 19. Nxg7 Bxg7 20. gxf6 Qxf6 21. fxe4 Nd4 22. Bc4
$16 {[%csl Rf7] Yemelin,Vasily-Sherbakov,Ruslan/RUS-ch51 St Petersburg (10) ;
CBM 67 1998/1/2-1/2 (67)}) 15. Bxd4 (15. Nxd4 Qc7 16. g4 d5 17. g5 Nh5 18. Qh4
g6 19. Bh3 Rd8 20. Ne2 Bd7 21. exd5 exd5 22. Bxd7 Rxd7 23. Nd4 Bd6 $132 {
1/2-1/2 Svidler,P-Iskusnyh,S/RUS-Team Smolensk RUS 2000 (28)}) 15... e5 16. Bc3
d5 17. Bxe5 dxe4 18. Rxd7 Nxd7 (18... Bxd7 19. fxe4 a5 20. Kb1 a4 21. Nc1 a3
22. b3 Ng4 23. Bc3 Qc7 24. Bd4 $14 {0-1 Huebner,Robert-Piket,Jeroen/Lugano op 
(7) ;TD 1989 (40)}) 19. Qxe4 Nxe5 20. Qxe5 Bd6 (20... Bf6 21. Qe4 Be6 22. Bc4
Bxc4 23. Qxc4 $16 {1-0 Lau,Ralf-Fedorowicz,John P/Hoogovens-B Wijk aan Zee ;
CBM 12 1989 (51)}) 21. Qd4 Bf5 22. g3 Qc7 23. Bd3 Be6 24. Kb1 $14 {Huebner,
Robert-Reeh,Oliver/Bundesliga 8889 ;GER-chT 1989/1/2-1/2 (75)}) 13... Nd5 $5 (
13... Qc7 14. h4 Ne5 15. Kb1 b5 16. g4 d5 17. Bxf6 Bxf6 (17... gxf6 $6 18. f4
Ng6 19. f5 $16 {1-0 Anand,V-Avrukh,B/Wydra mem rapidplay 2000 (31)}) 18. exd5
Rxd5 19. g5 Be7 20. f4 Bb7 21. fxe5 Rxe5 (21... Rxd4 22. Rxd4 Bxh1 23. Bxb5 Bd5
24. Bd3 $16) 22. Be2 Bxh1 23. Qxh1 Rd8 24. Bd3 $14) 14. h4 Ndb4 15. a3 Nxd4 16.
Nxd4 Nc6 17. Nxc6 Qxc6 18. Qg3 $14) ({White must be ready for:} 12... Nxe4 $6
13. Bxe7 (13. Be3 Nc5 $17) 13... Nf2 14. Bg5 $1 (14. Bxd6 Nxh1 15. Bc5 Qd8 16.
Bd3 b6 (16... Qg5+ 17. Be3 Qxg2 18. Qxh1 Qxh1 19. Rxh1 $16) 17. Be3 (17. Qe4
bxc5 18. Qxh7+ Kf8 19. Qh8+ Ke7 20. Qh4+ Ke8 21. Qh8+ Ke7 $11) 17... Ba6 18.
Qxh1 Nb4 19. Nc3 Bxd3 20. cxd3 Nxd3+ 21. Kb1 Rc8 $14) 14... Nxd1 15. Qxd1 $16)
13. g4 (13. h4 $5 a5 14. a4 (14. g4 a4 15. Nd2 $14) 14... e5 15. g3 Ne8 16. Be3
d5 17. Bh3 d4 18. Bd2 $16 {Nunn,John DM-Pelletier,Yannick/Bundesliga 9900 (4) ;
EXT 2000 1999/1/2-1/2 (60)}) 13... b6 {Too slowly, but what has black to do?} (
13... a6 14. N5d4 Nxd4 15. Nxd4 {and now badly} b5 {because of} 16. Nc6 $16)
14. h4 Bb7 15. N5d4 (15. Kb1 $5) 15... Nxd4 16. Nxd4 Rc8 17. Kb1 a6 18. Bc1 $1
({Dubious is} 18. Bxf6 $2 Bxf6 19. g5 Be5 $15) 18... Rdc7 19. g5 Nd7 20. Rh2 {
Whites activity on the kingside is dangerous. Black doesn't have any
counterplay on the queenside.} d5 21. e5 $1 Bc5 (21... Nc5 22. g6 fxg6 23. h5
$1 $40) 22. h5 Bxd4 23. Rxd4 Nf8 24. Bd3 {Domination of white all over.} Rd7
25. g6 (25. g6 h6 26. Rf4 (26. gxf7+ Rxf7 27. Qg3 Kh8 28. Rg2 Nd7 29. Qg6 Qg8
30. Qxe6 Re8 31. Qd6 Rxe5 32. Bxh6 Qf8 33. Qxf8+ Nxf8 34. Rdg4 $16) 26... fxg6
27. hxg6 Rdc7 28. Rfh4 Qe7 29. Bxh6 gxh6 30. Rxh6 $18) 1-0